000 00746nam a2200241 4500
003 OSt
005 20240618065349.0
006 a
008 240618b |||||||| |||| 00| 0 eng d
020 _a9780415783521
040 _aDWCL-Main lib.
_cOC
082 _aCirc. 174.4 M978e 2012
100 _aMurphy, Patrick E
245 _aEthics in marketing : international cases and perspectives /
260 _aLondon :
_bRoutledge,
_cc2012.
300 _axiii,
_b171 p. : ill. ;
_c24 cm.
504 _aIncludes bibliographical references & index.
650 _a1. Marketing–Moral and ethical aspects.
650 _a2. Marketing–Case studies.
700 _aGene R. Laczniak
700 _aAndrea Prothero
942 _2ddc
_n0
_cBK-CIRC
_kCirc.
999 _c830
_d830